LEADER 00856nam a2200205 i 4500 001 000000020728 003 CaOOAMICUS 005 20180830125445.0 008 180830s1963 it u000 u ita u 040 $aSeMil$bita 100 0 $aApuleius,$d.$0(OLS)http://semarc/name/9075 245 13$aLe metamorfosi o l'asino d'oro /$cApuleio di Madaura ; testo latino e versione di Guido Vitali. 260 $aBologna :$bZanichelli,$c1963. 300 $av. ;$c20 cm. 700 1 $aVitali, Guido.$0(OLS)http://semarc/name/2672 773 0 $tProsatori di Roma.$dBologna : N. Zanichelli $w()3426 774 0 $tLibri 1.-6.$kProsatori di Roma$g1$w()177676 774 0 $tLibri 7.-11.$kProsatori di Roma$g2$w()177677 996 $6245$aLe metamorfosi o l'asino d'oro$9(OLS)http://semarc/title/27340 996 $6260$aBologna :$bZanichelli$9(OLS)http://semarc/publisher/29934 LEADER 01109nam a2200265 i 4500 001 000000123558 003 CaOOAMICUS 005 20040227000000.0 008 040227s1992 it u000 u ita u 013 $a96254 020 $a88-435-3713-X 040 $aSeMil$bita 245 13$aLe piazze d'Italia :$bnuove architetture /$ca cura di Francesco Nuvolari. 260 $aMilano :$bElecta,$ccopyr. 1992. 300 $a237 p. :$briccamente ill. ;$c24 cm. 500 $aCatalogo della mostra tenuta ad Aosta nel 1992. - Fondo Card. C.M. Martini. 650 4$aPiazze - Italia - Progetti - Esposizioni - 1992.$0(OLS)http://semarc/subject/23610 700 1 $aNuvolari, Francesco.$0(OLS)http://semarc/name/32056 850 $aSeMil 852 $aSeMil$W1$xVenegono$y1$m5R VII 48$j78252$B78252$CSeMilBibl$Z2$F80460 $81 941 1 $a4 961 $aOmaggio: Martini Card. Carlo Maria 996 $6020$a88-435-3713-X$9(OLS)http://semarc/number/109163 996 $6245$aLe piazze d'Italia :$bnuove architetture$9(OLS)http://semarc/title/181711 996 $6260$aMilano :$bElecta$9(OLS)http://semarc/publisher/29711